Statistics for Sydney or Melbourne Suburb

Click here to take the quiz!

General Stats

  • This quiz has been taken 46 times
    (43 since last reset)
  • The average score is 13 of 15

Answer Stats

QuestionAnswer% Correct
CabramattaSydney
100%
St KildaMelbourne
97%
FootscrayMelbourne
97%
SunshineMelbourne
95%
DandenongMelbourne
95%
ChippendaleSydney
95%
HornsbySydney
95%
CronullaSydney
95%
Harris ParkSydney
92%
Curl CurlSydney
92%
BrunswickMelbourne
87%
BroadmeadowsMelbourne
87%
EppingBoth
68%
BurwoodBoth
66%
Croydon SouthMelbourne
61%

Score Distribution

Percentile by Number Answered

Percent of People with Each Score

Your Score History

You have not taken this quiz since the last reset